Loading...
Mathematical genes mapping
| Main Author: | |
|---|---|
| Format: | Printed Book |
| Language: | Undetermined |
| Published: |
Mumbai
Bharatiya Vidya Bhavan
|
| LEADER | 00503nam a2200133Ia 4500 | ||
|---|---|---|---|
| 008 | 161229s9999 xx 000 0 und d | ||
| 082 | |a 510 MAD/MA | ||
| 100 | |a Madhavan Balakrishnan, M M | ||
| 245 | |a Mathematical genes mapping | ||
| 260 | |b Bharatiya Vidya Bhavan |a Mumbai | ||
| 300 | |a viii, 178 | ||
| 942 | |c BK | ||
| 999 | |c 153163 |d 153163 | ||
| 952 | |0 0 |1 0 |4 0 |6 510_000000000000000_MADMA |7 0 |9 152230 |a KAUCLV |b KAUCLV |d 2016-12-29 |o 510 MAD/MA |p 904472 |r 2016-12-29 |w 2016-12-29 |y BK |z Book transferred from CCBM Library ,Acc.No:9737 | ||